| 000 | 00674nam a2200217 u 4500 | ||
|---|---|---|---|
| 005 | 20240314063640.0 | ||
| 008 | 100215s2004 mx r 000 0 spa d | ||
| 020 | _a9789689103240 | ||
| 035 | _aUPN01000174745 | ||
| 049 | _aI | ||
| 050 | 4 |
_aPZ7 _bH6.7 |
|
| 100 | 1 |
_aHoestlandt, Jo, _d1948- _930154 |
|
| 245 | 1 | 0 |
_aPrimo contra prima / _cJo Hoestlandt ; tr. Ari Cazés. |
| 260 |
_aMéxico : _bVerdehalago, _b2007. |
||
| 300 | _a53 p. | ||
| 440 | 0 |
_aPequeños libros de bolsillo. _pNovela |
|
| 534 |
_pTítulo original: _tCousin contre cousine |
||
| 650 | 4 |
_aCuentos infantiles estadounidenses _910762 |
|
| 650 | 4 |
_aPRIMOS - _vLITERATURA INFANTIL _915597 |
|
| 905 | _aLibro | ||
| 999 |
_c146849 _d146849 |
||